Science Quiz

Random Science or Artist Quiz
Score 0/20 Timer 04:00
0 Plays Today
Elements Musical Artist % Correct
Lanthanum, Dysprosium, Gallium, GalliumLady Gaga
91.4%
Ruthenium, Sulfur, HydrogenRush
90.8%
Germanium, Neon, Silicon, SulfurGenesis
89.3%
Boron, Oxygen, Boron, Dysprosium, Lanthanum, NitrogenBob Dylan
85.1%
Potassium, Iodine, Sulfur, SulfurKiss
84.9%
Potassium, Oxygen, RadonKorn
80.1%
Sulfur, Lanthanum, Yttrium, ErbiumSlayer
79.5%
Sulfur, Phosphorus, Oxygen, Oxygen, NitrogenSpoon
79.1%
Indium, Copper, Boron, Uranium, SulfurIncubus
77.2%
Lithium, Nitrogen, Potassium, Indium, Phosphorus, Argon, PotassiumLinkin Park
77.2%
Elements Musical Artist % Correct
Sulfur, Oxygen, Nickel, Carbon, Yttrium, Oxygen, Uranium, ThoriumSonic Youth
77.1%
Yttrium, EinsteiniumYes
75.6%
Lithium, Iron, Hydrogen, Oxygen, Uranium, SeleniumLifehouse
75.3%
Sodium, SulfurNas
73.2%
Beryllium, Yttrium, Oxygen, Nitrogen, CeriumBeyoncé
72.9%
Oxygen, Arsenic, Iodine, SulfurOasis
72.5%
Beryllium, Carbon, PotassiumBeck
67.2%
Hydrogen, Iodine, Neodymium, ErbiumHinder
62.5%
Magnesium, MeitneriumMGMT
54.9%
Protactinium, Radium, Molybdenum, RheniumParamore
29.9%

You're not logged in!

Compare scores with friends on all Sporcle quizzes.
OR
Log In

Sporcle TV

Today on Sporcle TV


Watch our educational content, quiz creation guides, and fun videos on Sporcle TV.

Show Comments

Extras

Top Quizzes Today


Score Distribution

Paid Content

Your Account Isn't Verified!

In order to create a playlist on Sporcle, you need to verify the email address you used during registration. Go to your Sporcle Settings to finish the process.

Report this User

Report this user for behavior that violates our Community Guidelines.

Details: